000 00270nam a22001217a 4500
082 _a823
_bGOP/S
100 _aNAIR, GOPALAN
245 _aSHORT STORIES OF ALL TIME
260 _aDELHI
_bS CHAND & CO
_c1981
300 _a138
650 _aENGLISH STORY
_zINDIA
942 _cBK
999 _c7390
_d7390